00490nam a2200193 a 4500001001300000003000900013005001700022008004100039020001000080082001800090100002500108245002500133260003600158300000900194500003500203505001300238650002000251700002500271nice12345678IN_TiNIC20260116011816.0050524s1969 luca grp 000 0 urd  ac3.500a891.4393bMAI aMaail Maleeahabadi,  aKaabe Se Karbala Tak aLucknowbNaseem Book Depoc1969 a180p aincludes index and biblioraphy2 aAppendix aUrdu-Literature1 aMaail Maleeahabadi,